Κατάλογος Βιβλιοθηκών Mediterranean College

Κείμενα Εξελικτικής Ψυχολογίας / Σκέψη: Β' Τόμος (Record no. 4031)

MARC details
000 -LEADER
fixed length control field 01893cam a22001934a 4500
005 - ΗΜΕΡΟΜΗΝΙΑ ΚΑΙ ΩΡΑ ΤΕΛΕΥΤΑΙΑΣ ΕΝΗΜΕΡΩΣΗΣ
Πεδίο ελέγχου 20250605163420.0
008 - FIXED-LENGTH DATA ELEMENTS--GENERAL INFORMATION
Πεδίο ελέγχου σταθερού μήκους 250528s ||||||||||||||||||||||||d
035 ## - SYSTEM CONTROL NUMBER
System control number 18705
020 ## - ISBN
ISBN 9600103364
040 ## - ΠΗΓΗ ΚΑΤΑΛΟΓΟΓΡΑΦΗΣΗΣ
Φορέας πρωτότυπης καταλογογράφησης MC Athens Campus Library
Γλώσσα καταλογογράφησης Ελληνικά, Μοντέρνα (1453-)
Modifying agency MC Athens Campus Library
Κανόνες περιγραφικής καταλογογράφησης AACR2
245 1# - ΤΙΤΛΟΣ ΚΑΙ ΔΗΛΩΣΗ ΥΠΕΥΘΥΝΟΤΗΤΑΣ
Τίτλος Κείμενα Εξελικτικής Ψυχολογίας / Σκέψη: Β' Τόμος
260 ## - PUBLICATION, DISTRIBUTION, ETC.
Name of publisher, distributor, etc. Gutenberg,
Date of publication, distribution, etc. 1994
300 ## - PHYSICAL DESCRIPTION
Extent 240
520 ## - SUMMARY, ETC.
Summary, etc. Τα άρθρα που έχουν μεταφραστεί αντιπροσωπεύουν μερικές από τις πιο σημαντικές πτυχές της σύγχρονης έρευνας στην ψυχολογία της ανάπτυξης του παιδιού. Γνωστική Εξέλιξη και Εκπαιδευτική Διαδικασία: Εισαγωγικό Σημείωμα, Η Σκέψη στην Προσχολική Ηλικία, Μια Επαναθεώρηση των Βουνών του Piaget: Αλλαγές στο Εγωκεντρικό Τοπίο, Μέθοδοι Παρατήρησης των Αναπτυξιακών Αλλαγών της Μνήμης, Η Ανάπτυξη της Λογικής Σκέψης των Παιδιών της Προσχολικής Ηλικίας, Ο Ρόλος του Παιχνιδιού στην Ανάπτυξη, Αν θες να Πας Μπροστα σχημάτισε μια Θεωρία, Θεωρίες Αναδιοργάνωσης της Γνώσης, Η Εννοιολογική Αλλαγή στην Παιδική Ηλικία, Ποιά Δυσκολία Υπάρχει στη Μάθηση της Αριθμητικής, Μεταγνωστικές Δεξιότητες, Συνέπειες της Τυπικής και Άτυπης Εκπαίδευσης στη Γνωστική Ανάπτυξη.
700 1# - ΠΡΟΣΘΕΤΗ ΑΝΑΓΡΑΦΗ--ΦΥΣΙΚΟ ΠΡΟΣΩΠΟ
Personal name Βοσνιάδου Στέλλα
942 ## - ADDED ENTRY ELEMENTS (KOHA)
Koha item type Books
Holdings
Τύπος τεκμηρίου Βιβλιοθήκη Τρέχουσα τοποθεσία Barcode Αριθμός εισαγωγής Ημερομηνία απόκτησης Ταξιθετικό σύμβολο Αριθμός αντιτύπου Κατάσταση απόσυρσης Κατάσταση χαμένου Κατάσταση κατεστραμμένου Μη δανεισμός Σύνολο δανεισμών Ημερομηνία τελευταίας εμφάνισης Η τιμή ισχύει από
Books MC Athens Campus Library MC Athens Campus Library 9780000040305 3613 05/06/2025 155.7 BOS V.B 1           05/06/2025 05/06/2025

MC Athens Campus Library
Πατησίων 94 & Κοδριγκτώνος 13, 104 34
Πελλήνης 8 & Πατησίων 107, 112 51
Τ: +30 210 8899600

MC Thessaloniki Campus Library
Ίωνος Δραγούμη 21, 54625 | Ίωνος Δραγούμη 15, 54625
Τ: +30 2310 287779 – Τ: +30 2314 440300